000 00496ata a2200205 4500
005 20161117182131.0
008 150525b xxu||||| |||| 00| 0 spa d
041 _aspa
082 _a621.381 V192e
100 _aVallejo, Horacio
_93085
245 _aAprenda: Electrónica, internet
260 _aMéxico
260 _c2003
300 _a128 páginas
650 _aELECTRÓNICA
_91815
650 _aINTERNET
_932693
650 _aCOMPUTACIÓN
_96708
650 _aHISTORIA
_943
942 _cBK
999 _c5953
_d5953